Financial modeling and valuation : (Record no. 57759)
[ view plain ]
| 000 -LEADER | |
|---|---|
| fixed length control field | 03346nam\a2200313\a\4500 |
| 001 - CONTROL NUMBER | |
| control field | 57759 |
| 005 - DATE AND TIME OF LATEST TRANSACTION | |
| control field | 20260412114302.0 |
| 008 - FIXED-LENGTH DATA ELEMENTS--GENERAL INFORMATION | |
| fixed length control field | 260412s2022 nju 001 0 eng |
| 020 ## - INTERNATIONAL STANDARD BOOK NUMBER | |
| ISBN | 9781119808893 |
| Qualifying information | (cloth) |
| 020 ## - INTERNATIONAL STANDARD BOOK NUMBER | |
| Cancelled/invalid ISBN | 9781119808909 |
| Qualifying information | (adobe pdf) |
| 020 ## - INTERNATIONAL STANDARD BOOK NUMBER | |
| Cancelled/invalid ISBN | 9781119808879 |
| Qualifying information | (epub) |
| 040 ## - CATALOGING SOURCE | |
| Original cataloging agency | DLC |
| Language of cataloging | eng |
| Description conventions | rda |
| Transcribing agency | DLC |
| Modifying agency | BD-DhIUB |
| 082 00 - DEWEY DECIMAL CLASSIFICATION NUMBER | |
| Classification number | 332.66 |
| Edition number | 23 |
| Item number | P626f |
| 100 1# - MAIN ENTRY--PERSONAL NAME | |
| Personal name | Pignataro, Paul, |
| Relator term | author. |
| 245 10 - TITLE STATEMENT | |
| Title | Financial modeling and valuation : |
| Remainder of title | a practical guide to investment banking and private equity / |
| Statement of responsibility, etc | Paul Pignataro. |
| 250 ## - EDITION STATEMENT | |
| Edition statement | Second edition. |
| 260 ## - PUBLICATION, DISTRIBUTION, ETC. (IMPRINT) | |
| Place of publication, distribution, etc | New Jersey: |
| Name of publisher, distributor, etc | John Wiley & Sons ,Inc. |
| 263 ## - PROJECTED PUBLICATION DATE | |
| Projected publication date | 2022 |
| 300 ## - PHYSICAL DESCRIPTION | |
| Extent | pages cm. |
| 490 0# - SERIES STATEMENT | |
| Series statement | Wiley finance series |
| 500 ## - GENERAL NOTE | |
| General note | Includes index. |
| 520 ## - SUMMARY, ETC. | |
| Summary, etc | "The markets are vast and complex not only in the U.S. but globally. Everyone wants to make money. Yet, throughout the past years we have faced tremendous market swings rendering investors (and their money) in a sea of lost hopes, and few investors with a plethora of wealth. Many of these market anomalies and swings are dependent, and in a sense dictated, by the investor -- you. The investor sets the current stock price. The reaction of the investor determines the success of an IPO, an equity offering. Yes, the collective psychology of the market as a whole plays a major role, but if the everyday investor was better equipped with the proper tools to understand the underlying fundamentals of a rational investment, smarter investment decisions would be made, more rational investments will be made, and the markets would be a more efficient environment. This book sets to give any investor the fundamental tools to help determine if a stock investment is a rational one. The new edition of "Financial Modeling and Valuation" will be updated for 2020 and will be based on the new retail leader Amazon as opposed to Wal-Mart. A great introductory "thesis" to best transition from the old version to the new version will be based on the shift of the entire retail industry. There's a connection from old "mom and pop" produce companies of the early 1800s to the Great Atlantic and Pacific Company (A&P) to Wal-Mart, and now to Amazon in the progression of a "Retail Wheel". This is a great segway into the new book and can end with a though piece on where we will go next. Of course the focus of the book is technical but a couple of pages as an intro can give great context to the book. This book will give you the ability to build a financial model soup to nuts. You will not only build the core three statements - income statement, cash flow statement, balance sheet - but the three major supporting schedule necessary for full company valuation and analysis. A core explanation of each line item is included in addition to tips and techniques to use each line item as a tool to value and manage a business. Finally, applications are learned to fully understand a model's use including pricing a stock, raising debt, and raising equity"-- |
| 526 ## - STUDY PROGRAM INFORMATION NOTE | |
| School name | School of Business and Entrepreneurship |
| Department | Finance |
| Shelving Location | Reference Stacks |
| 541 ## - IMMEDIATE SOURCE OF ACQUISITION NOTE | |
| Source of acquisition | Risaam |
| 650 #0 - SUBJECT ADDED ENTRY--TOPICAL TERM | |
| Topical term or geographic name as entry element | Investment banking. |
| 776 08 - ADDITIONAL PHYSICAL FORM ENTRY | |
| Display text | Online version: |
| Main entry heading | Pignataro, Paul. |
| Title | Financial modeling and valuation |
| Edition | Second edition. |
| Place, publisher, and date of publication | Hoboken, New Jersey : John Wiley & Sons, [2022] |
| International Standard Book Number | 9781119808909 |
| Record control number | (DLC) 2021056644 |
| 942 ## - ADDED ENTRY ELEMENTS (KOHA) | |
| Source of classification or shelving scheme | Dewey Decimal Classification |
| Koha item type | Books |
| Withdrawn status | Lost status | Source of classification or shelving scheme | Damaged status | Not for loan | Home library | Current library | Shelving location | Date acquired | Source of acquisition | Serial Enumeration / chronology | Total Checkouts | Full call number | Barcode | Date last seen | Copy number | Price effective from | Koha item type |
|---|---|---|---|---|---|---|---|---|---|---|---|---|---|---|---|---|---|
| Dewey Decimal Classification | Not For Loan | Library, Independent University, Bangladesh (IUB) | Library, Independent University, Bangladesh (IUB) | Reference Stacks | 07/04/2026 | Purchase | 2022 | 332.66 P626f | 029647 | 12/04/2026 | 01 | 07/04/2026 | Books | ||||
| Dewey Decimal Classification | Not For Loan | Library, Independent University, Bangladesh (IUB) | Library, Independent University, Bangladesh (IUB) | Reference Stacks | 07/04/2026 | Purchase | 2022 | 332.66 P626f | 029646 | 12/04/2026 | 02 | 07/04/2026 | Books |